<?xml version="1.0" encoding="UTF-8"?>
<record
    xmlns:xsi="http://www.w3.org/2001/XMLSchema-instance"
    xsi:schemaLocation="http://www.loc.gov/MARC21/slim http://www.loc.gov/standards/marcxml/schema/MARC21slim.xsd"
    xmlns="http://www.loc.gov/MARC21/slim">

  <leader>00794nam a22002297a 4500</leader>
  <controlfield tag="003">AR-BeUNQ</controlfield>
  <controlfield tag="005">20250212183155.0</controlfield>
  <controlfield tag="008">250212b        |||||||| |||| 00| 0 spa d</controlfield>
  <datafield tag="040" ind1=" " ind2=" ">
    <subfield code="a">AR-BeUNQ</subfield>
    <subfield code="b">spa</subfield>
    <subfield code="c">AR-BeUNQ</subfield>
    <subfield code="e">aacr</subfield>
  </datafield>
  <datafield tag="082" ind1=" " ind2=" ">
    <subfield code="2">530 </subfield>
    <subfield code="a">21</subfield>
  </datafield>
  <datafield tag="100" ind1=" " ind2=" ">
    <subfield code="a">D&#xED;az, Fabi&#xE1;n G.</subfield>
    <subfield code="d">1976</subfield>
  </datafield>
  <datafield tag="245" ind1=" " ind2=" ">
    <subfield code="a">F&#xED;sica </subfield>
    <subfield code="c">Fabi&#xE1;n G. D&#xED;az</subfield>
    <subfield code="b">La energ&#xED;a en el mundo cotidiano y en el universof&#xED;sico. Energ&#xED;as el&#xE9;ctrica y T&#xE9;rmica. Termodin&#xE1;mica.</subfield>
  </datafield>
  <datafield tag="300" ind1=" " ind2=" ">
    <subfield code="a">240 p. ;</subfield>
    <subfield code="c">28x22 cm</subfield>
  </datafield>
  <datafield tag="490" ind1=" " ind2=" ">
    <subfield code="a">Saber es clave</subfield>
  </datafield>
  <datafield tag="500" ind1=" " ind2=" ">
    <subfield code="a">Manual de estudio para ambos ciclos.</subfield>
  </datafield>
  <datafield tag="650" ind1=" " ind2=" ">
    <subfield code="2">F&#xED;sica. Ense&#xF1;anza (secundaria)</subfield>
    <subfield code="a">spines</subfield>
  </datafield>
  <datafield tag="650" ind1=" " ind2=" ">
    <subfield code="2">F&#xED;sica. Ense&#xF1;anza secundaria</subfield>
  </datafield>
  <datafield tag="655" ind1=" " ind2=" ">
    <subfield code="2">Manual</subfield>
    <subfield code="a">ttll</subfield>
  </datafield>
  <datafield tag="700" ind1=" " ind2=" ">
    <subfield code="a">Fano, Claudia</subfield>
  </datafield>
  <datafield tag="929" ind1=" " ind2=" ">
    <subfield code="a">DONACION</subfield>
    <subfield code="b">Editorial Santillana</subfield>
    <subfield code="e">26-2-2020</subfield>
    <subfield code="f">PAT0082084</subfield>
    <subfield code="h">1</subfield>
  </datafield>
  <datafield tag="942" ind1=" " ind2=" ">
    <subfield code="c">LIB</subfield>
  </datafield>
  <datafield tag="999" ind1=" " ind2=" ">
    <subfield code="c">1167</subfield>
    <subfield code="d">1167</subfield>
  </datafield>
  <datafield tag="952" ind1=" " ind2=" ">
    <subfield code="0">0</subfield>
    <subfield code="1">0</subfield>
    <subfield code="a">BIBESET</subfield>
    <subfield code="b">BIBESET</subfield>
    <subfield code="c">circulacion</subfield>
    <subfield code="d">2025-02-12</subfield>
    <subfield code="p">58245</subfield>
    <subfield code="r">2025-02-12</subfield>
    <subfield code="y">LIB</subfield>
    <subfield code="k">PK</subfield>
  </datafield>
</record>
